000 00606cam a2200217u 4500
008
020 _a9781859465530 (pbk.)
049 _aMAIN
090 _aNA9188.L7
_bREE
100 _aReed, Ruth.
245 1 0 _aRIBA plan of work 2013 guide :
_btown planning /
_cRuth Reed.
260 _aNewcastle :
_bRIBA Publishing,
_c2014.
300 _axiii, 183 p. ;
_c21 cm.
650 0 _aCity planning.
650 0 _aPublic works.
907 _a.b10369144
_b15-02-16
_c12-02-16
003
005 20230120131039.0
040 _cNUST
942 _cBOOKS
_kNA9188.L7
_mREE
999 _c95899
_d95899